Zoomed-in logos - Statistics

General Stats
  • This quiz has been taken 210 times
  • The average score is 13 of 20
Answer Stats
Picture Answer % Correct
Pepsi
96%
Starbucks
89%
Apple
85%
PlayStation
82%
Snapchat
81%
BMW
79%
Google
79%
Spotify
79%
Coca-Cola
78%
Xbox
78%
Wikipedia
75%
Burger King
68%
Walmart
64%
Lamborghini
60%
AT&T
49%
Nestle
49%
Atari
47%
Dolby
42%
Texas Instruments
19%
Premiere League
10%
No matching quizzes found
Score Distribution
Percent of People with Each Score
Percentile by Number Answered
Your Score History
You have not taken this quiz